000 00557nam a2200229Ia 4500
003 OSt
005 20221006141354.0
006 a|||||r|||| 00| 0
007 ta
008 221006b |||||||| |||| 00| 0 eng d
024 _a1,990
037 _cTextual
040 _aEASL
_cEASL
_beng
041 _2eng
_aeng
082 _aV41:19.1.N5, K2
100 _aBOYD
_9645495
245 0 _aCommunist China's foreign policy
260 _c1962
300 _ap.
_ccm.
942 _hV41:19.1.N5, K2
_cTEXL
_2CC
999 _c1070076
_d1070076